The United States.. or the Philippines? - Statistics

General Stats
  • This quiz has been taken 47 times
    41 since last reset
  • The average score is 10 of 16
Answer Stats
Question Answer % Correct
Is an archipelago Philippines
94%
Has a higher GDP US
94%
Has a higher unemployment rate Philippines
81%
Has a higher latitude US
81%
Has a higher GDP per capita US
81%
The flag has stars Both
75%
Part of ASEAN Philippines
75%
San Augustin Church is located here Philippines
75%
Government is a republic Both
63%
Part of NATO US
63%
Use MM/DD/YYYY Both
56%
Has a legislative, executive, and judicial branch Both
50%
More than 10 percent of the population is immigrants US
44%
Population is ~300 million US
38%
Colonized by Spain Both
19%
Official language is English Philippines
0%
No matching quizzes found
Score Distribution
Percent of People with Each Score
Percentile by Number Answered
Your Score History
You have not taken this quiz since the last reset